00389nam a2200145Ia 4500008004100000020001500041041000800056082001700064100006000081245002900141250000600170260002700176300002000203650002000223210716s2004 xx 000 0 und d a0072466138 aeng a657.044 SPIJ aSpiceland, J David;Sepe, James F;Tomassini, Lawrence A. aIntermediate accounting. a3 aNew DelhibIrwinc2004 axxxii,1174,I-23 aAccounting(657)